000 00377nam a22001577a 4500
003 MPLRDC
005 20220104143709.0
008 210129b ||||| |||| 00| 0 eng d
082 _a857.9 LYS-13 v.1 c.5*
100 _a梁羽生著
245 _a侠骨丹心. 一
_c
260 _a
_b香港伟青书店
_c
300 _b
650 _a
942 _cBK
_o857.9 LYS-13 v.1 c.5*
999 _c42446
_d42436